Những quy định mới nhất về trình tự, thủ tục đăng ký kinh doanh

Đã lưu trong:
Sonraí Bibleagrafaíochta
Formáid: Leabhar
Teanga:Undetermined
Foilsithe: Hà Nội Thống kê 2004
Ábhair:
Clibeanna: Cuir Clib Leis
Gan Chlibeanna, Bí ar an gcéad duine leis an taifead seo a chlibeáil!
Thư viện lưu trữ: Trung tâm Học liệu Trường Đại học Cần Thơ
LEADER 00600nam a2200181Ia 4500
001 CTU_94518
008 210402s9999 xx 000 0 und d
082 |a 346.597065 
082 |b Nh556 
245 0 |a Những quy định mới nhất về trình tự, thủ tục đăng ký kinh doanh 
245 0 |c Đào Thanh Hải (tuyển chọn và sưu tầm) 
260 |a Hà Nội 
260 |b Thống kê 
260 |c 2004 
650 |a Business enterprises 
650 |x Law and legislation 
904 |i Tuyến 
980 |a Trung tâm Học liệu Trường Đại học Cần Thơ